|
|
|
|
| LEADER |
01159nam a2200301 a 4500 |
| 001 |
40313 |
| 003 |
BD-DhAAL |
| 005 |
20221226132246.0 |
| 008 |
221222t2004 enk b 001 0 eng |
| 999 |
|
|
|c 45255
|d 45255
|
| 010 |
|
|
|a 2004049555
|
| 020 |
|
|
|a 0195649575
|
| 040 |
|
|
|a DLC
|c DLC
|d DLC
|d BD-DhAAL
|
| 043 |
|
|
|a e-uk---
|
| 050 |
0 |
0 |
|a PR83
|b .S26 2004
|
| 082 |
0 |
0 |
|a 820.9
|2 22
|
| 100 |
1 |
|
|a Sanders, Andrew,
|d 1946-
|9 53169
|
| 245 |
1 |
4 |
|a The short Oxford history of English literature /
|c Andrew Sanders.
|
| 250 |
|
|
|a Third edition
|
| 260 |
|
|
|a Oxford ;
|a New York :
|b Oxford University Press,
|c 1996
|
| 300 |
|
|
|a vii, 756 pages ;
|c 24 cm.
|
| 504 |
|
|
|a Includes bibliographical references (p. [685]-731) and index.
|
| 541 |
|
|
|a Donated by Akbar Ali Khan
|e 40313
|
| 650 |
|
0 |
|a English literature
|x History and criticism.
|9 53170
|
| 651 |
|
0 |
|a Great Britain
|x Intellectual life.
|9 53171
|
| 852 |
|
|
|a Ayesha Abed Library
|c Akbar Ali Khan Collection
|
| 942 |
|
|
|2 ddc
|c BK
|
| 952 |
|
|
|0 0
|1 0
|2 ddc
|4 0
|6 820_900000000000000_SAN
|7 1
|9 72575
|a BRACUL
|b BRACUL
|c AAKC
|d 2022-12-22
|e Donated by Akbar Ali Khan
|g 375.00
|l 0
|o 820.9 SAN
|p 3010040313
|r 2022-12-22
|t 1
|v 375.00
|w 2022-12-22
|y BK
|